000 00840cab a2200229 4500
001 ABS31093
008 090401t1983 xxu||||| |||| 00| 0 eng d
035 _a(Sirsi) u60895
041 _aeng
100 _aWilliams, A.
245 _aQS in the US
260 _c1983
350 _a0
490 _aBuilding
_v244 (11) 18 March 1983, 30-31(2)
520 _aA review of the role of the QS / cost manager / building economist in the USA; where there is a great need and opportunity for the services of the QS and where lack of recognition has led to the formation of the American Institute of Construction Economics with Alistair Law as its first chairman.
650 _aQUANTITY SURVEYORS
650 _aUNITED STATES
690 _aOVERSEAS-NORTH AMERICA
690 _aQuantity surveying
_96263
942 _n0
948 _c04/03/1997
999 _c37653
_d37653